Bismarck.

Gespeichert in:
Bibliographische Detailangaben
1. Verfasser: Bled, Jean-Paul (VerfasserIn)
Format: Buch
Sprache:Englisch
Veröffentlicht: Paris, France: Perrin, 2013.
Schriftenreihe:Collection Tempus,
Schlagworte:
Tags: Tag hinzufügen
Keine Tags, Fügen Sie den ersten Tag hinzu!

MARC

LEADER 00000nam a22000007a 4500
003 CL-VaPUC
005 20231031165943.0
008 231030t2013 ||||| |||| 00| 0 eng d
999 |c 442218  |d 442216 
020 |a 978-2-262-04274-5 
040 |c Pontificia Universidad Católica de Valparaíso 
082 |2 22  |a 943.083 BLE 2013 
100 |9 885417  |a Bled, Jean-Paul  |e author 
245 |a Bismarck.  
260 |a Paris, France:  |b Perrin,   |c 2013. 
300 |a 355 páginas. 
490 |a Collection Tempus,  |n  514. 
500 |a c.1 Donación Sr. Jorge Precht Pizarro. 26-05-23. Biblioteca Teología. 
583 |c 20231030  |k Yessy Sthefany Diaz Vidal 
600 0 |9 466395  |a Bismarck-Schonhausen, Otto von  |v Biografía  |x Político y estadista alemán  |y Siglo 19  
651 0 |9 255688  |a Alemania  |x Política y gobierno   |y Siglo 19 
651 0 |9 332663  |a Prusia  |x Política y gobierno   |y Siglo 19 
942 |2 ddc  |c BK 
952 |0 0  |1 0  |2 ddc  |4 0  |6 943_083000000000000_BLE_2013  |7 0  |8 A  |9 592184  |a BIBTEO  |b BIBTEO  |c GEN  |d 2023-10-30  |e Donación   |i 5659200  |o 943.083 BLE 2013  |p 5659200  |r 2025-01-17  |t 1  |w 2023-10-30  |y BK  |k ICR